000 00569nam a2200205Ia 4500
005 20250923145126.0
008 008 250917s9999 xx 000 0 eng d
037 _aTextual
040 _aDSWL
_beng
_cDSWL
041 _aeng
_2eng
084 _aX:97.2, N68
_qDSWL
100 _aSingh, V.B.
_9832011
245 0 _aClimate for industrial relations
_cby V.B. Singh
260 _aBombay
_bAllied Pub. P. Ltd
_c1968
300 _aix,207 p.
365 _aINR
_b22
925 _g22
942 _cTEXL
_hX:97.2, N68
999 _c1447454
_d1447454